| 000 -LEADER |
| fixed length control field |
01420cam a22002414a 4500 |
| 008 - FIXED-LENGTH DATA ELEMENTS--GENERAL INFORMATION |
| fixed length control field |
061208s2005 enka bf i000 0 eng |
| 020 ## - INTERNATIONAL STANDARD BOOK NUMBER |
| International Standard Book Number |
9789280141771 |
| 082 00 - DEWEY DECIMAL CLASSIFICATION NUMBER |
| Classification number |
628.1683309162 I339 |
| 110 ## - MAIN ENTRY--CORPORATE NAME |
| 9 (RLIN) |
76 |
| Corporate name or jurisdiction name as entry element |
International Maritime Organization |
| 245 00 - TITLE STATEMENT |
| Title |
Manual on oil pollution. |
| Number of part/section of a work |
Section IV, |
| Name of part/section of a work |
Combating oil spills. |
| 250 ## - EDITION STATEMENT |
| Edition statement |
2nd ed. |
| 260 ## - PUBLICATION, DISTRIBUTION, ETC. (IMPRINT) |
| Place of publication, distribution, etc |
London : |
| Name of publisher, distributor, etc |
International Maritime Organization, |
| Date of publication, distribution, etc |
2005. |
| 300 ## - PHYSICAL DESCRIPTION |
| Extent |
vii, 229 p. : |
| Other physical details |
ill. (some col.) ; |
| Dimensions |
24 cm. |
| 500 ## - GENERAL NOTE |
| General note |
Fourth of a six part work, each part revised independently of the others. |
| 504 ## - BIBLIOGRAPHY, ETC. NOTE |
| Bibliography, etc |
Includes bibliographical references (p. 201-205). |
| 505 0# - FORMATTED CONTENTS NOTE |
| Formatted contents note |
Types of oil -- Fate of oil spills in the marine environment -- Effects of oil on marine and coastal resources -- Situation evaluation and response options -- Containment and recovery of oil -- Chemical dispersion -- In situ burning -- Shoreline response -- Bioremediation -- Management and disposal of oil and oily debris -- Spills of heavy fuel oils --Training, exercises, equipment maintenance, and storage -- Cleanup cost considerations. |
| 650 #0 - SUBJECT ADDED ENTRY--TOPICAL TERM |
| Topical term or geographic name as entry element |
Oil spills |
| General subdivision |
Cleanup |
| Form subdivision |
Handbooks, manuals, etc. |
|
| Topical term or geographic name as entry element |
Oil pollution of the sea |
| Form subdivision |
Handbooks, manuals, etc. |
|
| Topical term or geographic name as entry element |
Oil pollution of rivers, harbors, etc. |
| Form subdivision |
Handbooks, manuals, etc. |
| 710 2# - ADDED ENTRY--CORPORATE NAME |
| Corporate name or jurisdiction name as entry element |
International Maritime Organization. |
| 856 41 - ELECTRONIC LOCATION AND ACCESS |
| Uniform Resource Identifier |
<a href="http://www.loc.gov/catdir/toc/fy0704/2006531906.html">http://www.loc.gov/catdir/toc/fy0704/2006531906.html</a> |
| 942 ## - ADDED ENTRY ELEMENTS (KOHA) |
| Item type |
Books |